000 00623nam a2200193 4500
001 115927
003 ES-MaACL
005 20250824201936.0
007 t|
008 061121s1965 sp r ||||1| spa d
100 1 _aOzaeta, José María.
_988064
245 1 3 _aLa unión hipostática según Egidio Romano /
_cJosé María Ozaeta, O. S. A.
260 _aEl Escorial :
_bReal Monasterio,
_c1965.
300 _a160 p. ;
_c25 cm.
490 1 _aBiblioteca `La Ciudad de Dios` ;
_v13
830 0 0 _aBiblioteca la ciudad de Dios
_v13
_9187490
852 _aES-MaACL
_jC-27173
_bR.56064
999 _c115927
_d115927